Science Quiz

Random Science or Math Quiz

30 Second Simple Math Blitz Quiz Stats

 Plays Quiz Updated Jun 1, 2015

Score 0/16 Timer 00:30
6 Plays Today
Sum Answer % Correct
5+1116
99.8%
19-811
98.3%
12x336
97.5%
18÷63
96.5%
15+3146
94.6%
72-1953
80.3%
30÷65
70.3%
15x11165
58.5%
Sum Answer % Correct
112+217329
51%
150-31119
40.9%
40÷85
30.1%
17x585
28.2%
99999+2100001
19%
15-70-55
13.6%
16x8128
7.9%
60÷242.5
5.9%

You're not logged in!

Compare scores with friends on all Sporcle quizzes.
OR
Log In

Sporcle TV

Today on Sporcle TV


Watch our educational content, quiz creation guides, and fun videos on Sporcle TV.

Show Comments

Extras

Top Quizzes Today


Score Distribution

Your Account Isn't Verified!

In order to create a playlist on Sporcle, you need to verify the email address you used during registration. Go to your Sporcle Settings to finish the process.

Report this User

Report this user for behavior that violates our Community Guidelines.

Details: